[Event "PRO League KO Stage 2017"]
[Site "chess.com INT"]
[Date "2017.03.26"]
[Round "5.1"]
[White "Nilsen, Joachim Birger"]
[Black "Akobian, Varuzhan"]
[Result "0-1"]
[WhiteTitle "FM"]
[BlackTitle "GM"]
[WhiteElo "2414"]
[BlackElo "2645"]
[WhiteTeam "Norway Gnomes"]
[BlackTeam "St Louis Arch Bishops"]
[WhiteFideId "1506331"]
[BlackFideId "13300580"]
[EventDate "2017.03.01"]

1. c4 e5 2. Nc3 Nc6 3. Nf3 Nf6 4. g3 Bc5 5. Bg2 d6 6. O-O O-O 7. e3 Bg4 8. h3
Bh5 9. g4 Bg6 10. d4 exd4 11. exd4 Bb6 12. Bg5 h6 13. Bh4 Nb8 14. Nd5 Nbd7 15.
Re1 Re8 16. Qd2 Be4 17. Nxf6+ Nxf6 18. Rad1 c6 19. Qc3 d5 20. c5 Bc7 21. a3 Bf4
22. Ne5 Bxg2 23. Kxg2 g5 24. Bg3 Ne4 25. Qb3 Nxg3 26. fxg3 Bxe5 27. dxe5 Re6 28.
Rd2 Qe7 29. Rde2 Re8 30. Qc2 b6 31. cxb6 axb6 32. Qf5 c5 33. Rf2 d4 34. b3 b5
35. h4 gxh4 36. gxh4 c4 37. Qf4 Qd7 38. Rd1 Rd8 39. Rxd4 Qb7+ 40. Kg3 Rxd4 41.
Qxd4 cxb3 42. Qc3 Qd5 43. Re2 Qc4 44. Qe3 Rg6 45. g5 h5 46. Qe4 Rc6 47. Qf3 Re6
48. Qe4 Qc3+ 49. Qf3 Qc1 50. Qe3 b2 51. Qf3 b1=Q 52. Qa8+ Kg7 0-1

[Event "PRO League KO Stage 2017"]
[Site "chess.com INT"]
[Date "2017.03.26"]
[Round "5.1"]
[White "Finegold, Benjamin"]
[Black "Lie, Kjetil A."]
[Result "1/2-1/2"]
[WhiteTitle "GM"]
[BlackTitle "GM"]
[WhiteElo "2481"]
[BlackElo "2537"]
[WhiteTeam "St Louis Arch Bishops"]
[BlackTeam "Norway Gnomes"]
[WhiteFideId "2000261"]
[BlackFideId "1501984"]
[EventDate "2017.03.01"]

1. d4 Nf6 2. c4 e6 3. Nc3 Bb4 4. Qc2 O-O 5. Nf3 d5 6. cxd5 exd5 7. Bg5 c5 8. e3
h6 9. Bxf6 Qxf6 10. a3 Bxc3+ 11. Qxc3 c4 12. b3 cxb3 13. Qxb3 Rd8 14. Be2 Nc6
15. O-O Rb8 16. Rfc1 Bf5 17. Rc5 Qd6 18. Rac1 Be6 19. h3 Rdc8 20. Qa4 a6 21. Qc2
Ne7 22. Qb2 b6 23. Rxc8+ Rxc8 24. Bxa6 Ra8 25. Bf1 Qxa3 26. Qxa3 Rxa3 27. Rb1
Nc8 28. Ne5 Bf5 29. Rb5 Ra1 30. Rxd5 f6 31. g4 Be4 32. Rd8+ Kh7 33. f3 Bb7 34.
Nd7 Ba6 35. d5 Rxf1+ 36. Kg2 Rd1 37. Nf8+ Kg8 38. Ne6+ Kh7 39. Rd7 Bc4 40. e4 b5
41. Nxg7 Kg8 42. Nh5 b4 43. Nxf6+ Kf8 44. e5 Ne7 45. d6 Nc6 46. f4 b3 47. Nh7+
Kg8 48. Nf6+ Kf8 49. Rb7 Rd2+ 50. Kg3 b2 51. Nh7+ Kg8 52. Nf6+ Kf8 53. Kh4 Na5
54. Nh7+ Kg8 55. Nf6+ Kf8 56. Nh7+ Kg8 57. Nf6+ Kf8 1/2-1/2

[Event "PRO League KO Stage 2017"]
[Site "chess.com INT"]
[Date "2017.03.26"]
[Round "5.2"]
[White "So, Wesley"]
[Black "Nilsen, Joachim Birger"]
[Result "1-0"]
[WhiteTitle "GM"]
[BlackTitle "FM"]
[WhiteElo "2822"]
[BlackElo "2414"]
[WhiteTeam "St Louis Arch Bishops"]
[BlackTeam "Norway Gnomes"]
[WhiteFideId "5202213"]
[BlackFideId "1506331"]
[EventDate "2017.03.01"]

1. e4 e5 2. Nf3 Nf6 3. Nxe5 d6 4. Nf3 Nxe4 5. d4 d5 6. Bd3 Nc6 7. O-O Be7 8. Re1
Bf5 9. c4 Nb4 10. Bf1 O-O 11. a3 Nc6 12. cxd5 Qxd5 13. Nc3 Nxc3 14. bxc3 Bf6 15.
Bf4 Rac8 16. h3 Bg6 17. g4 h6 18. Bg2 Qc4 19. Re3 Rfd8 20. Bf1 Qd5 21. c4 Qa5
22. d5 Ne7 23. Be5 Bxe5 24. Nxe5 Qc5 25. Qf3 Qd6 26. Rae1 Rf8 27. Qg3 c6 28. Nf3
Qxg3+ 29. fxg3 cxd5 30. Rxe7 dxc4 31. Ne5 c3 32. Nxg6 fxg6 33. Bd3 c2 34. Rc1
Rc3 35. Bxg6 Rfc8 36. Kg2 Rxa3 37. Rxb7 a5 38. Rxc2 Rxc2+ 39. Bxc2 Ra2 40. Rc7 1-0

[Event "PRO League KO Stage 2017"]
[Site "chess.com INT"]
[Date "2017.03.26"]
[Round "5.2"]
[White "Akobian, Varuzhan"]
[Black "Mihajlov, Sebastian"]
[Result "1-0"]
[WhiteTitle "GM"]
[BlackTitle "FM"]
[WhiteElo "2645"]
[BlackElo "2346"]
[WhiteTeam "St Louis Arch Bishops"]
[BlackTeam "Norway Gnomes"]
[WhiteFideId "13300580"]
[BlackFideId "1512110"]
[EventDate "2017.03.01"]

1. d4 Nf6 2. c4 g6 3. Nc3 Bg7 4. Nf3 d6 5. Bg5 O-O 6. e3 h6 7. Bh4 c5 8. d5 e6
9. Nd2 exd5 10. cxd5 Nbd7 11. Be2 a6 12. a4 Qe7 13. O-O g5 14. Bg3 Ne5 15. h3
Ne8 16. Qc2 f5 17. f4 Ng6 18. Nc4 gxf4 19. exf4 Bd4+ 20. Kh1 Kh8 21. Rae1 Qg7
22. Bd3 Rb8 23. Nb6 Ne5 24. fxe5 Qxg3 25. e6 Be5 26. Rxe5 Qxe5 27. Qd2 Kg7 28.
Nc4 Qg3 29. Rf3 Qg5 30. Qf2 f4 31. a5 Kh8 32. h4 Qh5 33. Rxf4 Rg8 34. Rf8 Ng7
35. Rxg8+ Kxg8 36. Nxd6 1-0

[Event "PRO League KO Stage 2017"]
[Site "chess.com INT"]
[Date "2017.03.26"]
[Round "5.2"]
[White "Lie, Kjetil A."]
[Black "Rosenthal, Nicholas"]
[Result "1-0"]
[WhiteTitle "GM"]
[WhiteElo "2537"]
[BlackElo "2169"]
[WhiteTeam "Norway Gnomes"]
[BlackTeam "St Louis Arch Bishops"]
[WhiteFideId "1501984"]
[BlackFideId "2045150"]
[EventDate "2017.03.01"]

1. c4 e5 2. Nc3 Nf6 3. Nf3 Nc6 4. a3 d5 5. cxd5 Nxd5 6. Qc2 Be6 7. e3 Be7 8. Be2
O-O 9. O-O a6 10. b4 f5 11. Nxd5 Qxd5 12. Bb2 e4 13. Nd4 Nxd4 14. Bxd4 Bd6 15.
f4 b5 16. Qb2 Rf7 17. a4 c6 18. axb5 cxb5 19. Rfc1 Rc7 20. Rxc7 Bxc7 21. Bxg7
Bb6 22. Bh6 Qd7 23. Bxb5 Qf7 24. Rxa6 Rxa6 25. Bxa6 Qg6 26. Bg5 h6 27. Qf6 Qxf6
28. Bxf6 Kf7 29. Bd4 Bxd4 30. exd4 Ke7 31. b5 Bc4 32. Bc8 Bxb5 33. Bxf5 Bd3 34.
g4 Kd6 35. Kf2 Kd5 36. Ke3 Bb1 37. h4 1-0

[Event "PRO League KO Stage 2017"]
[Site "chess.com INT"]
[Date "2017.03.26"]
[Round "5.3"]
[White "Lie, Kjetil A."]
[Black "So, Wesley"]
[Result "0-1"]
[WhiteTitle "GM"]
[BlackTitle "GM"]
[WhiteElo "2537"]
[BlackElo "2822"]
[WhiteTeam "Norway Gnomes"]
[BlackTeam "St Louis Arch Bishops"]
[WhiteFideId "1501984"]
[BlackFideId "5202213"]
[EventDate "2017.03.01"]

1. c4 c5 2. g3 g6 3. Bg2 Bg7 4. Nc3 Nc6 5. a3 e6 6. Rb1 Nge7 7. b4 cxb4 8. axb4
O-O 9. Nf3 d5 10. cxd5 exd5 11. b5 Na5 12. Ba3 d4 13. Ne4 Nc4 14. Bb4 Re8 15.
Qb3 Be6 16. Nfg5 Bd5 17. Nd6 Bxg2 18. Ngxf7 Qd7 19. Nxe8 Rxe8 20. Nd6 Bxh1 21.
Nxe8 Bd5 22. Nxg7 Nxd2 23. Qd3 Nxb1 24. Qxd4 Qc8 25. f3 Qc4 26. Qb2 Qb3 27. Qd4
Na3 28. Kf2 Nc2 29. Qf6 Qxb4 30. Ne8 Qd4+ 0-1

[Event "PRO League KO Stage 2017"]
[Site "chess.com INT"]
[Date "2017.03.26"]
[Round "5.3"]
[White "Finegold, Benjamin"]
[Black "Mihajlov, Sebastian"]
[Result "1-0"]
[WhiteTitle "GM"]
[BlackTitle "FM"]
[WhiteElo "2481"]
[BlackElo "2346"]
[WhiteTeam "St Louis Arch Bishops"]
[BlackTeam "Norway Gnomes"]
[WhiteFideId "2000261"]
[BlackFideId "1512110"]
[EventDate "2017.03.01"]

1. d4 d5 2. c4 c6 3. Nf3 Nf6 4. g3 g6 5. Bg2 Bg7 6. cxd5 cxd5 7. Nc3 O-O 8. O-O
Nc6 9. Ne5 Ng4 10. Nxc6 bxc6 11. h3 Nh6 12. Bxh6 Bxh6 13. e3 Rb8 14. Na4 Qd6 15.
Rc1 Bd7 16. b3 e5 17. dxe5 Qxe5 18. Nc5 Bf5 19. g4 Bc8 20. Qd3 f5 21. g5 Bg7 22.
f4 Qe7 23. a3 a5 24. Rc2 Kh8 25. Kh1 Re8 26. Re1 Rb5 27. Rec1 Qxe3 28. Qxe3 Rxe3
29. Bf1 Rb6 30. Nd3 Bd7 31. b4 axb4 32. Nxb4 d4 33. Nd3 Be6 34. Kg1 Bd5 35. a4
Rb3 36. Rd2 h6 37. h4 hxg5 38. hxg5 Rc3 39. Rb1 c5 40. Rb8+ Bf8 41. Rxf8+ Kg7
42. Rd8 Be4 43. Ne5 Rg3+ 44. Kf2 Ra3 45. Rd7+ Kf8 46. Nxg6+ Ke8 47. Ne5 Raf3+
48. Ke1 Re3+ 49. Re2 Ra3 50. Rb2 Rge3+ 51. Kf2 Rf3+ 52. Kg1 Rg3+ 53. Kh2 Rgb3
54. Rxb3 Rxb3 55. Bc4 Rb2+ 56. Kh3 Bc6 57. Rc7 Bxa4 58. g6 1-0

[Event "PRO League KO Stage 2017"]
[Site "chess.com INT"]
[Date "2017.03.26"]
[Round "5.3"]
[White "Rosenthal, Nicholas"]
[Black "Nilsen, Joachim Birger"]
[Result "1-0"]
[BlackTitle "FM"]
[WhiteElo "2169"]
[BlackElo "2414"]
[WhiteTeam "St Louis Arch Bishops"]
[BlackTeam "Norway Gnomes"]
[WhiteFideId "2045150"]
[BlackFideId "1506331"]
[EventDate "2017.03.01"]

1. e4 c6 2. d3 d5 3. Nd2 e5 4. Ngf3 Nd7 5. g3 Ngf6 6. Bg2 Bd6 7. O-O O-O 8. Re1
Re8 9. h3 Nf8 10. Nh4 Ng6 11. Nxg6 hxg6 12. exd5 cxd5 13. c4 Bc5 14. Nb3 Bb6 15.
Bg5 Be6 16. Rxe5 dxc4 17. dxc4 Bxc4 18. Qxd8 Raxd8 19. Rxe8+ Rxe8 20. Bxf6 gxf6
21. Bf3 a5 22. Rc1 Be6 23. Kg2 a4 24. Nc5 Rc8 25. Nd3 Rd8 26. Nb4 Rd4 27. a3 Bb3
28. Re1 Bc5 29. Re4 Rd2 30. Re2 Rd7 31. Be4 f5 32. Bc2 Bc4 33. Bxa4 b5 34. Rc2
Rd4 35. Bxb5 Bxb5 36. Rxc5 Be2 37. Rc2 Bc4 38. f3 Bb3 39. Re2 Kg7 40. Nc6 Rd1
41. Ne5 g5 42. h4 f6 43. Nc6 f4 44. hxg5 fxg5 45. gxf4 gxf4 46. Nb4 Kf6 47. Kf2
Bc4 48. Re4 Bb3 49. Rxf4+ Ke5 50. Re4+ Kf5 51. Re1 Rd2+ 52. Re2 Rd1 53. Re3 Rd2+
54. Re2 Rd1 55. Kg3 Bc4 56. Rc2 Be6 57. Rc5+ Kf6 58. Nc2 Rc1 59. Rc6 Kf7 60. Nd4 1-0

[Event "PRO League KO Stage 2017"]
[Site "chess.com INT"]
[Date "2017.03.26"]
[Round "5.4"]
[White "Akobian, Varuzhan"]
[Black "Lie, Kjetil A."]
[Result "1-0"]
[WhiteTitle "GM"]
[BlackTitle "GM"]
[WhiteElo "2645"]
[BlackElo "2537"]
[WhiteTeam "St Louis Arch Bishops"]
[BlackTeam "Norway Gnomes"]
[WhiteFideId "13300580"]
[BlackFideId "1501984"]
[EventDate "2017.03.01"]

1. d4 Nf6 2. c4 c5 3. d5 e6 4. Nc3 exd5 5. cxd5 d6 6. Nf3 g6 7. e4 a6 8. h3 b5
9. Bd3 Bg7 10. O-O O-O 11. Bf4 Ne8 12. Qd2 Nd7 13. a4 b4 14. Nd1 Qe7 15. Re1 a5
16. Ne3 Nb6 17. Nc4 Nxc4 18. Bxc4 Ba6 19. Bxa6 Rxa6 20. e5 dxe5 21. Nxe5 Bxe5
22. Rxe5 Qf6 23. Rae1 Nd6 24. b3 Nf5 25. Bg5 Qd6 26. Rxf5 gxf5 27. Be7 Qg6 28.
d6 1-0

[Event "PRO League KO Stage 2017"]
[Site "chess.com INT"]
[Date "2017.03.26"]
[Round "5.4"]
[White "Nilsen, Joachim Birger"]
[Black "Finegold, Benjamin"]
[Result "1-0"]
[WhiteTitle "FM"]
[BlackTitle "GM"]
[WhiteElo "2414"]
[BlackElo "2481"]
[WhiteTeam "Norway Gnomes"]
[BlackTeam "St Louis Arch Bishops"]
[WhiteFideId "1506331"]
[BlackFideId "2000261"]
[EventDate "2017.03.01"]

1. d4 Nf6 2. Bf4 d5 3. e3 Bf5 4. Bd3 Bxd3 5. Qxd3 c6 6. Nd2 Nbd7 7. Ngf3 e6 8.
O-O Be7 9. h3 O-O 10. c4 c5 11. cxd5 Nxd5 12. Bg3 cxd4 13. Nxd4 Nc5 14. Qe2 a6
15. Rfd1 Rc8 16. Rac1 Na4 17. Nc4 b5 18. Ne5 Rxc1 19. Rxc1 Qa8 20. Nec6 Bf6 21.
e4 Ne7 22. e5 Nxc6 23. Nxc6 Bd8 24. Bf4 Nb6 25. b3 Nd5 26. Bd2 Bb6 27. Qe4 Kh8
28. Qf3 f6 29. Qe4 f5 30. Qd3 Qe8 31. a4 f4 32. a5 Bd8 33. Nb4 Nxb4 34. Bxb4 Be7
35. Bd6 h6 36. Rc7 Rf7 37. Qg6 Qf8 38. Qxe6 Bxd6 39. Rxf7 1-0

[Event "PRO League KO Stage 2017"]
[Site "chess.com INT"]
[Date "2017.03.26"]
[Round "5.4"]
[White "Mihajlov, Sebastian"]
[Black "Rosenthal, Nicholas"]
[Result "1/2-1/2"]
[WhiteTitle "FM"]
[WhiteElo "2346"]
[BlackElo "2169"]
[WhiteTeam "Norway Gnomes"]
[BlackTeam "St Louis Arch Bishops"]
[WhiteFideId "1512110"]
[BlackFideId "2045150"]
[EventDate "2017.03.01"]

1. d4 e6 2. c4 f5 3. Nc3 Nf6 4. e3 b6 5. Be2 Bb7 6. Bf3 Ne4 7. Qc2 d5 8. a3 Nd7
9. Nge2 c6 10. Nf4 Qf6 11. h4 Bd6 12. g3 e5 13. cxd5 exf4 14. Nxe4 fxe4 15.
Qxe4+ Kd8 16. dxc6 Bxc6 17. Qxc6 Rc8 18. Qd5 fxg3 19. fxg3 Rf8 20. O-O Bxg3 21.
Qg5 Bxh4 22. Qxf6+ Bxf6 23. Bd2 Rc2 24. Bc3 Bg5 25. Rae1 Bh4 26. Rd1 Bg5 27. Rd3
b5 28. e4 Nb6 29. Bd1 Rxf1+ 30. Kxf1 Rh2 31. d5 Nc4 32. Kg1 Rh6 33. e5 Be3+ 34.
Kf1 Bc5 35. e6 Rh1+ 36. Ke2 Rh2+ 37. Kf3 Rh3+ 38. Ke2 Rh2+ 39. Kf1 Rh1+ 40. Kg2
Rxd1 41. Rxd1 Ne3+ 42. Kf3 Nxd1 43. Bxg7 Ne3 44. b4 Bxb4 45. axb4 Nxd5 46. Bf8
Ke8 47. Bc5 Nc7 48. e7 Nd5 49. Ke4 Nxe7 50. Bxa7 Kd7 51. Bc5 Nc6 52. Kd5 h5 53.
Bf8 h4 54. Ke4 Ke6 55. Kf4 Kd5 56. Kg4 Ne5+ 57. Kh3 Ng6 58. Bc5 Kc4 59. Bd6 Kd5
60. Bc5 Ke4 61. Kg4 Ke5 62. Bb6 Kd6 63. Bc5+ Kd5 64. Bb6 Kc4 65. Bc5 Ne5+ 66.
Kxh4 Nd3 67. Be7 Nxb4 68. Kg3 Nd3 69. Kf3 Nc5 70. Ke3 b4 71. Kd2 b3 72. Kc1 Nd3+
73. Kb1 Kc3 74. Bf6+ Kd2 75. Bg7 1/2-1/2